• 首页
  • 本馆介绍
  • 公告通知
  • 最新文献
  • 馆藏检索
  • 电子资源
  • 读者导购
  • 参考咨询
  • 我的图书馆
  • 登录
  • 详细信息显示
  • 放入我的书架
  • 预约/预借图书
  • 作者相关作品
  • 分类相关作品
  • 丛书相关作品
  • 出版社相关作品

书目信息

  • 表格格式
  • 工作单格式
  • 卡片格式
题名:
中国哲学史通览
    
 
作者: 任继愈 编
分册:  
出版信息: 上海   东方出版中心  2005
页数: 422页
开本: 20cm
丛书名:
单 册:
中图分类: B2
科图分类:
主题词: 哲学史--中国 , 哲学史
电子资源:
ISBN: 7-80627-061-2
000 00825nam0 2200241 450
001 0197000120
005 20061114093257.78
010    @a7-80627-061-2@dCNY27.00
100    @a20050714d2005 emky0chiy0120 ea
101 0  @achi
102    @aCN@b310000
105    @ay z 000yy
200 1  @a中国哲学史通览@9zhong guo zhe xue shi tong lan@f任继愈等编
205    @a2版
210    @a上海@c东方出版中心@d2005
215    @a422页@d20cm
330    @a全书从辩证唯物主义和历史唯物主义观点出发,采用哲学界最新的研究成果,系统地叙述了中国哲学、伦理学、美学、逻辑学以及宗教哲学的发生发展史,展现了自殷周之际哲学萌芽时期以来3000多年的中华民族世界观理论体系形成的历史概貌。
606 0  @a哲学史@y中国
606 0  @a哲学史
690    @aB2@v4
701  0 @a任继愈@9ren ji yu@4编
801  0 @aCN@bNLC@c20061114
905    @a10447@dB2@e103=2
    
    中国哲学史通览/任继愈等编.-2版.-上海:东方出版中心,2005
    422页;20cm
    
    
    ISBN 7-80627-061-2:CNY27.00
    全书从辩证唯物主义和历史唯物主义观点出发,采用哲学界最新的研究成果,系统地叙述了中国哲学、伦理学、美学、逻辑学以及宗教哲学的发生发展史,展现了自殷周之际哲学萌芽时期以来3000多年的中华民族世界观理论体系形成的历史概貌。
●
相关链接 在E读中查询图书 在五车中查询图书 在当当中查询图书 在豆瓣中查询图书


正题名:中国哲学史通览     索取号:B2/103=2         预约/预借

序号 登录号 条形码 馆藏地/架位号 状态 备注
1 0382634   203826342   第一样本阅览室/ [索取号:B2/103=2] 在馆    
2 0382635   203826351   第一借阅区/ [索取号:B2/103=2] 在馆    
3 0382636   203826360   教育系资料室/ [索取号:B2/103=2] 在馆    
4 0382637   203826379   教育系资料室/ [索取号:B2/103=2] 在馆    
5 0382638   203826388   第一借阅区/ [索取号:B2/103=2] 在馆    
唐山师范学院图书馆 欢迎您!
大连网信软件有限公司© 版权所有